Tuyển chọn 3000 bài toán về mạch điện (Có lời giải). Quyển 2

Đã lưu trong:
书目详细资料
主要作者: Tạ Quang Hùng và Nhóm cộng tác sưu tập và biên soạn
格式: 图书
语言:Vietnamese
出版: Đà Nẵng 2002
主题:
标签: 添加标签
没有标签, 成为第一个标记此记录!
Thư viện lưu trữ: Mạng thư viện Đại học Đà Nẵng
LEADER 01072nam a2200313 a 4500
001 000002764
003 01387
005 20171229145311.0
008 171229s2002 vie
040 |a LSK 
041 0 |a VIE 
082 0 |a 621.3192  |b Tu-C 
100 1 |a Tạ Quang Hùng và Nhóm cộng tác sưu tập và biên soạn 
245 0 0 |a Tuyển chọn 3000 bài toán về mạch điện (Có lời giải). Quyển 2 
260 |b Đà Nẵng  |c 2002 
300 |a 820 pages  |c 24 cm. 
653 |a Mạch điện - Bài toán 
852 |a Phòng Đọc - Phòng Mượn 
901 |a 16 
927 |a Sách tham khảo 
OWN |a LSK 
AVA |a UDN50  |b LSK  |d 621.3192 Tu-C  |e check_holdings  |t Error 5003 Not defined in file expand_doc_bib_avail.  |h N  |k 1 
999 |a From the UDN01 
AVA |a UDN50  |b LSK  |d 621.3192 Tu-C  |e available  |t Error 5001 Not defined in file expand_doc_bib_avail.  |f 16  |g 0  |h N  |i 0  |k 1 
TYP |a Monograph 
TYP |a Printed language 
980 |a Mạng thư viện Đại học Đà Nẵng